[Event "DVM U12 2015"]
[Site "Magdeburg GER"]
[Date "2015.12.28"]
[Round "4"]
[White "Kroh, Christian"]
[Black "Hansen, Jonah"]
[Result "1/2-1/2"]
[Termination "normal"]
[Board "4.4"]
[WhiteElo "1438"]
[BlackElo "1073"]
[WhiteTeam "TSG Apolda"]
[BlackTeam "Rheydter SV 1920"]
[PlyCount "134"]
[WhiteFideId "12995606"]
[BlackFideId "16276841"]
[EventCountry "GER"]
[EventRounds "7"]
[EventType "team-swiss"]
[EventDate "2015.12.26"]

1. d4 Nf6 2. Nf3 e6 3. c4 Bb4+ 4. Nc3 d6 5. a3 Bxc3+ 6. bxc3 O-O 7. e3 b6 8.
Bd3 Re8 9. O-O Nbd7 10. e4 e5 11. Re1 Bb7 12. Qc2 Rc8 13. Bg5 c5 14. d5 h6 15.
Bh4 Rb8 16. Rab1 Qc7 17. Rb3 g5 18. Bg3 Nf8 19. a4 a5 20. Reb1 Bc8 21. Qb2 N6d7
22. Qd2 Qd8 23. h4 Nh7 24. hxg5 hxg5 25. Kh2 f6 26. Rh1 Ndf8 27. Kg1 Bd7 28.
Ra3 Re7 29. Bc2 Qc8 30. Bd1 Ng6 31. Qc1 f5 32. exf5 Bxf5 33. Nxg5 Nxg5 34. Qxg5
Rf7 35. Bh5 Rg7 36. Qf6 Qd7 37. Bxg6 Bxg6 38. Rh6 Rf8 39. Qh4 Bh7 40. Qh3 Qxh3
41. Rxh3 Rg4 42. Rh4 Rxh4 43. Bxh4 Rf7 44. Rb3 Rb7 45. Bd8 Kf7 46. Rxb6 Rxb6
47. Bxb6 Bc2 48. Bxa5 Bxa4 49. Bc7 Ke7 50. g4 Bb3 51. g5 Bxc4 52. g6 Bxd5 53.
g7 e4 54. Kf1 c4 55. Ke2 Kf7 56. Bxd6 Kxg7 57. Ke3 Kf6 58. Kd4 Ke6 59. Bb8 Bb7
60. Kxc4 Kf5 61. Kd4 Kg4 62. c4 Kf3 63. Bg3 Ba8 64. c5 Bb7 65. Ke5 e3 66. fxe3
Kxe3 67. Kd6 Bh1 1/2-1/2

[Event "DVM U12 2015"]
[Site "Magdeburg GER"]
[Date "2015.12.28"]
[Round "4"]
[White "Stirnberg, Noah"]
[Black "Krastev, Alexander"]
[Result "1/2-1/2"]
[Termination "normal"]
[Board "5.1"]
[WhiteElo "1688"]
[BlackElo "1925"]
[WhiteTeam "SK Blauer Springer Paderborn 1926"]
[BlackTeam "Biebertaler SF"]
[PlyCount "77"]
[WhiteFideId "16207742"]
[BlackFideId "12989983"]
[EventCountry "GER"]
[EventRounds "7"]
[EventType "team-swiss"]
[EventDate "2015.12.26"]

1. e4 e5 2. Nf3 Nc6 3. Bb5 f5 4. d3 fxe4 5. dxe4 Nf6 6. O-O Bc5 7. Nc3 d6 8.
Bc4 Bg4 9. h3 Bh5 10. Bg5 Nd4 11. g4 Bg6 12. Nd2 c6 13. Na4 Qa5 14. Nxc5 Qxc5
15. c3 Nb5 16. Be3 Nd4 17. cxd4 exd4 18. Rc1 dxe3 19. Bf7+ Bxf7 20. Rxc5 dxc5
21. fxe3 O-O-O 22. Qc1 Bg6 23. Rf4 Rd3 24. g5 Nh5 25. Rf2 Rhd8 26. Qe1 Ng3 27.
Kh2 Nxe4 28. Nxe4 Bxe4 29. Qe2 g6 30. Qg4+ Bf5 31. Qf4 Re8 32. Re2 Re4 33. Qf2
c4 34. Qe1 b5 35. a3 Kb7 36. Kg3 Kb6 37. Kf3 a5 38. Qg3 Kb7 39. Qe1 1/2-1/2

[Event "DVM U12 2015"]
[Site "Magdeburg GER"]
[Date "2015.12.28"]
[Round "4"]
[White "Grunwald, Jonathan"]
[Black "Brockhoff, Moritz"]
[Result "1-0"]
[Termination "normal"]
[Board "5.2"]
[WhiteElo "1643"]
[BlackElo "1497"]
[WhiteTeam "Biebertaler SF"]
[BlackTeam "SK Blauer Springer Paderborn 1926"]
[PlyCount "61"]
[WhiteFideId "12955744"]
[BlackFideId "16214927"]
[EventCountry "GER"]
[EventRounds "7"]
[EventType "team-swiss"]
[EventDate "2015.12.26"]

1. e4 e6 2. d4 d5 3. Nc3 Nf6 4. e5 Nfd7 5. Nf3 c5 6. dxc5 Bxc5 7. Bd3 Nc6 8.
Bf4 Qb6 9. O-O Qxb2 10. Nb5 Kd8 11. Bd2 d4 12. Qe2 a6 13. Rfb1 Qxa1 14. Rxa1
axb5 15. Bxb5 Na7 16. Bd3 h6 17. Qe4 Nc6 18. Bb5 Ne7 19. Nxd4 Bxd4 20. Qxd4 Nf5
21. Qf4 g5 22. Qe4 Nc5 23. Qc4 b6 24. Bb4 Nd7 25. Rd1 Ra7 26. Qc6 Rb7 27. Ba6
Rc7 28. Qxb6 Bxa6 29. Ba5 Ke7 30. Qxc7 Bc8 31. Bb4+ 1-0

[Event "DVM U12 2015"]
[Site "Magdeburg GER"]
[Date "2015.12.28"]
[Round "4"]
[White "Janke, Julian"]
[Black "Engert, Kiyan"]
[Result "1/2-1/2"]
[Termination "normal"]
[Board "5.3"]
[WhiteElo "1127"]
[BlackElo "1472"]
[WhiteTeam "SK Blauer Springer Paderborn 1926"]
[BlackTeam "Biebertaler SF"]
[PlyCount "86"]
[WhiteFideId "16229185"]
[BlackFideId "16214870"]
[EventCountry "GER"]
[EventRounds "7"]
[EventType "team-swiss"]
[EventDate "2015.12.26"]

1. d4 Nf6 2. Nf3 e6 3. Bf4 b6 4. e3 Bb7 5. Bd3 d6 6. Nbd2 Nbd7 7. O-O Qe7 8.
Bg3 g6 9. Qe2 a6 10. a4 Bg7 11. Rab1 O-O 12. b3 e5 13. dxe5 dxe5 14. e4 Nh5 15.
Bh4 Bf6 16. Bxf6 Nhxf6 17. Rfd1 Nc5 18. Qe3 Rad8 19. h3 Nh5 20. Nc4 f6 21. Nb2
Nf4 22. Bc4+ Kh8 23. Nd2 f5 24. exf5 Nxg2 25. Qg3 gxf5 26. Nf3 Nf4 27. Kh2 Ne4
28. Qg1 Rxd1 29. Rxd1 Nc3 30. Nh4 Qxh4 31. Bf1 Nxd1 32. Nd3 Nxd3 33. Bxd3 Qxf2+
34. Qxf2 Nxf2 35. Kg3 Ne4+ 36. Kh2 Rg8 37. c4 f4 38. b4 f3 39. a5 f2 40. axb6
cxb6 41. b5 axb5 42. cxb5 Nf6 43. Bxh7 Kxh7 1/2-1/2

[Event "DVM U12 2015"]
[Site "Magdeburg GER"]
[Date "2015.12.28"]
[Round "4"]
[White "Peschel, Julia"]
[Black "Matthiessen, Linus"]
[Result "1/2-1/2"]
[Termination "normal"]
[Board "5.4"]
[WhiteElo "1044"]
[BlackElo "1237"]
[WhiteTeam "Biebertaler SF"]
[BlackTeam "SK Blauer Springer Paderborn 1926"]
[PlyCount "117"]
[WhiteFideId "16255593"]
[BlackFideId "16222555"]
[EventCountry "GER"]
[EventRounds "7"]
[EventType "team-swiss"]
[EventDate "2015.12.26"]

1. e4 e6 2. d4 d5 3. exd5 exd5 4. c3 g6 5. Bd3 Bg7 6. Bf4 Nf6 7. Qe2+ Be6 8.
Bg5 O-O 9. Nf3 Re8 10. O-O Bg4 11. Qd1 Qd6 12. Nbd2 h6 13. Bh4 Ne4 14. Re1 Bf5
15. h3 h5 16. Bg3 Qe6 17. Bxc7 Qd7 18. Bf4 Nc6 19. Qc2 Nxd2 20. Qxd2 Re6 21.
Rxe6 Qxe6 22. Re1 Qd7 23. Qc2 Bxd3 24. Qxd3 Re8 25. Rxe8+ Qxe8 26. Qb5 Qd7 27.
Be5 Nxe5 28. Qxd7 Nxd7 29. Kf1 Bh6 30. Ke2 Kf8 31. Kd3 Ke7 32. c4 dxc4+ 33.
Kxc4 Nb6+ 34. Kc5 Na4+ 35. Kd5 Nxb2 36. Ne5 Bg7 37. Nc4 Nd3 38. f3 Nf4+ 39. Ke4
b5 40. Ne3 Nxg2 41. Nxg2 Kd6 42. Ne3 a5 43. Nc2 Bh6 44. Na3 f5+ 45. Kd3 b4 46.
Nc4+ Kd5 47. Nxa5 g5 48. Nb3 g4 49. fxg4 fxg4 50. hxg4 hxg4 51. Ke2 Bg7 52. Ke3
g3 53. Kf3 Bxd4 54. Kxg3 Be5+ 55. Kf3 Kc4 56. Ke4 Bg7 57. Nc1 Bh6 58. Nd3 Bf8
59. Nxb4 1/2-1/2

[Event "DVM U12 2015"]
[Site "Magdeburg GER"]
[Date "2015.12.28"]
[Round "4"]
[White "Brunner, Sophia"]
[Black "Wu, Leon"]
[Result "1-0"]
[Termination "normal"]
[Board "6.1"]
[WhiteElo "1585"]
[BlackElo "1753"]
[WhiteTeam "Hagener SV"]
[BlackTeam "SK Mannheim-Lindenhof 1865"]
[PlyCount "141"]
[WhiteFideId "12960683"]
[BlackFideId "12977438"]
[EventCountry "GER"]
[EventRounds "7"]
[EventType "team-swiss"]
[EventDate "2015.12.26"]

1. d4 Nf6 2. Nc3 d5 3. Bf4 Bf5 4. Qd2 e6 5. Nf3 Bb4 6. e3 Ne4 7. Qc1 Nxc3 8.
bxc3 Bxc3+ 9. Nd2 Bxa1 10. Qxa1 O-O 11. Be2 Nc6 12. c3 f6 13. O-O e5 14. Bg3
Re8 15. Qb2 b6 16. Bb5 Bd7 17. Qb3 a6 18. Qxd5+ Be6 19. Qxd8 Raxd8 20. Bxc6 Re7
21. a3 b5 22. Ne4 Bc4 23. Rc1 a5 24. Nd2 Rd6 25. Bf3 Bf7 26. Ne4 Rd8 27. Rb1
exd4 28. Rxb5 dxc3 29. Nxc3 Rd3 30. Rc5 Red7 31. h3 Be6 32. Bxc7 a4 33. Ba5 Ra7
34. Bb4 Bb3 35. Bd5+ Bxd5 36. Rxd5 Rxd5 37. Nxd5 Kf7 38. Kf1 Ke6 39. Nc3 g5 40.
Ke2 Kd7 41. Kd3 Kc6 42. Ne4 Rf7 43. Nc3 Ra7 44. Ke4 Ra6 45. Kf5 Kd7 46. Ne4 h6
47. Nc5+ Kc6 48. Nxa6 h5 49. Kxf6 g4 50. hxg4 hxg4 51. Kf5 g3 52. fxg3 Kb5 53.
Nc5 Kc6 54. g4 Kd6 55. g5 Ke7 56. g6 Kf8 57. Nxa4+ Kg7 58. Nb6 Kg8 59. a4 Kg7
60. a5 Kh6 61. a6 Kh5 62. a7 Kh4 63. a8=Q Kg3 64. Qf3+ Kh2 65. e4 Kh1 66. g4+
Kh2 67. Be1 Kg1 68. Bf2+ Kf1 69. Be3+ Ke1 70. Qf2+ Kd1 71. Qd2# 1-0

[Event "DVM U12 2015"]
[Site "Magdeburg GER"]
[Date "2015.12.28"]
[Round "4"]
[White "Wu, Luka"]
[Black "Scheidt, Mike Niklas"]
[Result "1-0"]
[Termination "normal"]
[Board "6.2"]
[WhiteElo "1710"]
[BlackElo "1393"]
[WhiteTeam "SK Mannheim-Lindenhof 1865"]
[BlackTeam "Hagener SV"]
[PlyCount "161"]
[WhiteFideId "12977420"]
[BlackFideId "12965235"]
[EventCountry "GER"]
[EventRounds "7"]
[EventType "team-swiss"]
[EventDate "2015.12.26"]

1. e4 d5 2. exd5 Qxd5 3. Nc3 Qa5 4. d4 Nf6 5. Nf3 Nc6 6. Bc4 Bg4 7. Be3 O-O-O
8. Qd2 Bxf3 9. gxf3 e5 10. d5 Bb4 11. O-O Bxc3 12. bxc3 Nxd5 13. Bxd5 Qxd5 14.
Qe2 Qa5 15. Rab1 Qxc3 16. Qb5 b6 17. Rb3 Qxc2 18. Rb2 Qg6+ 19. Kh1 Rd6 20. Rc1
Qf6 21. Kg2 Rhd8 22. a4 Qg6+ 23. Kf1 Rd1+ 24. Rxd1 Rxd1+ 25. Ke2 Rd8 26. Qa6+
Kb8 27. a5 Nd4+ 28. Kd2 Nxf3+ 29. Kc3 Qc6+ 30. Kb4 Nd4 31. axb6 cxb6 32. Ka3
Rd5 33. Ka2 Qc3 34. Bd2 Qc8 35. Qa4 Qe6 36. Ka1 Nf3 37. Be3 Qd7 38. Qa6 Rd1+
39. Ka2 Qd5+ 40. Rb3 Nd4 41. Bxd4 exd4 42. Qa4 Rd2+ 43. Ka1 Rd1+ 44. Kb2 Rd2+
45. Ka1 Qe6 46. Rb1 d3 47. Qf4+ Kb7 48. Qxd2 Qe5+ 49. Rb2 Qe4 50. f4 Qa4+ 51.
Kb1 Qd4 52. Rb3 Qg1+ 53. Kb2 Qd4+ 54. Kb1 Qg1+ 55. Ka2 Qc5 56. Rxd3 Qc4+ 57.
Rb3 Qa4+ 58. Kb2 Qc4 59. Rc3 Qb5+ 60. Kc2 Qf5+ 61. Rd3 Qc5+ 62. Kb2 Qb5+ 63.
Rb3 Qf5 64. Qg2+ Kc7 65. Qxg7 Qxf4 66. Qg3 Qxg3 67. hxg3 Kd6 68. Ra3 a5 69. Rb3
Kc5 70. Rf3 b5 71. Rxf7 a4 72. Rxh7 b4 73. Rh4 Kb5 74. g4 b3 75. g5 Ka5 76. g6
Kb5 77. g7 Ka5 78. g8=Q Ka6 79. Qb8 a3+ 80. Kxa3 b2 81. Ra4# 1-0

[Event "DVM U12 2015"]
[Site "Magdeburg GER"]
[Date "2015.12.28"]
[Round "4"]
[White "Lindemann, Jarno"]
[Black "Hardt, Anton"]
[Result "0-1"]
[Termination "normal"]
[Board "6.3"]
[WhiteElo "1364"]
[BlackElo "1270"]
[WhiteTeam "Hagener SV"]
[BlackTeam "SK Mannheim-Lindenhof 1865"]
[PlyCount "70"]
[WhiteFideId "12977934"]
[BlackFideId "16239466"]
[EventCountry "GER"]
[EventRounds "7"]
[EventType "team-swiss"]
[EventDate "2015.12.26"]

1. d4 d6 2. Nc3 Nf6 3. Bf4 g6 4. f3 Bg7 5. Qd2 O-O 6. O-O-O Nbd7 7. Bh6 Re8 8.
Bxg7 Kxg7 9. e4 e5 10. d5 Nc5 11. Bb5 Bd7 12. Nge2 Bxb5 13. Nxb5 a6 14. Nbc3 b5
15. Ng3 Qd7 16. Qg5 b4 17. Nb1 a5 18. Nf5+ Kg8 19. Qxf6 gxf5 20. Qxf5 Qxf5 21.
exf5 a4 22. a3 Reb8 23. Rd2 Nd7 24. Re2 Ra5 25. c4 Nf6 26. Rc2 b3 27. Rc3 Rc8
28. Re1 c6 29. Nd2 cxd5 30. Kb1 dxc4 31. Rec1 d5 32. g4 Nd7 33. h4 Nb6 34. h5
d4 35. Ne4 Rc6 0-1

[Event "DVM U12 2015"]
[Site "Magdeburg GER"]
[Date "2015.12.28"]
[Round "4"]
[White "Gündel, Marius"]
[Black "Schmidt, Paul"]
[Result "1/2-1/2"]
[Termination "normal"]
[Board "6.4"]
[WhiteElo "1146"]
[BlackElo "1504"]
[WhiteTeam "SK Mannheim-Lindenhof 1865"]
[BlackTeam "Hagener SV"]
[PlyCount "171"]
[BlackFideId "16214137"]
[EventCountry "GER"]
[EventRounds "7"]
[EventType "team-swiss"]
[EventDate "2015.12.26"]

1. e4 d5 2. exd5 Qxd5 3. Nc3 Qa5 4. d4 Nf6 5. Nf3 Bg4 6. h3 Bxf3 7. Qxf3 c6 8.
Bc4 e6 9. Bd2 Qc7 10. O-O-O Nbd7 11. Qe2 O-O-O 12. Rhe1 Bd6 13. g3 Rhe8 14. f4
Nb6 15. Bb3 Nbd5 16. Ne4 Nxe4 17. Qxe4 Nf6 18. Qf3 Re7 19. c4 Red7 20. Bc3 Re8
21. Kb1 Rdd8 22. Bc2 h6 23. Rc1 Kb8 24. b4 Qe7 25. a3 Bc7 26. Red1 Bb6 27. Qd3
Rd7 28. Bb3 Red8 29. Qe3 Qe8 30. g4 Qe7 31. Ka2 Nh7 32. Kb1 g5 33. Kb2 Kc8 34.
Rc2 gxf4 35. Qxf4 Qg5 36. Qxg5 Nxg5 37. c5 Bc7 38. h4 Nf3 39. Rf2 Nxd4 40. Bxd4
Rxd4 41. Rxd4 Rxd4 42. Rxf7 Re4 43. Re7 e5 44. Bc2 Rf4 45. Bf5+ Kd8 46. Rd7+
Kc8 47. Rh7+ Kd8 48. Rxh6 e4 49. Re6 Rf2+ 50. Kc1 e3 51. Kd1 Rd2+ 52. Kc1 Rh2
53. h5 Bg3 54. Bd3 Rg2 55. Kb1 Bf4 56. Re4 Rxg4 57. h6 Rg1+ 58. Kc2 Bxh6 59.
Re6 Bf4 60. Rf6 Bg3 61. Re6 Rg2+ 62. Kb3 Bf2 63. a4 Rg4 64. Be2 Rd4 65. Ka3 Be1
66. b5 cxb5 67. axb5 Bb4+ 68. Kb3 Bxc5 69. Rxe3 Rb4+ 70. Kc3 Rxb5 71. Re8+ Kxe8
72. Bxb5+ Kd8 73. Kc4 Be7 74. Kd5 Kc7 75. Kc4 a6 76. Ba4 b6 77. Be8 Kd6 78. Ba4
Kc7 79. Be8 Bc5 80. Ba4 Kd6 81. Be8 Ke5 82. Bc6 Kf4 83. Bb7 a5 84. Kb5 Ke3 85.
Ka4 Kd4 86. Bc6 1/2-1/2

[Event "DVM U12 2015"]
[Site "Magdeburg GER"]
[Date "2015.12.28"]
[Round "4"]
[White "Triantafillidis, Simeon"]
[Black "Astner, Sebastian"]
[Result "0-1"]
[Termination "normal"]
[Board "7.1"]
[WhiteElo "1595"]
[BlackElo "1678"]
[WhiteTeam "SF HN-Biberach 1978"]
[BlackTeam "FC Ergolding 1932"]
[PlyCount "102"]
[WhiteFideId "12953113"]
[BlackFideId "12979422"]
[EventCountry "GER"]
[EventRounds "7"]
[EventType "team-swiss"]
[EventDate "2015.12.26"]

1. e4 c5 2. c3 Nc6 3. d4 cxd4 4. cxd4 d5 5. e5 Bf5 6. Nc3 e6 7. Nf3 Bb4 8. Bd3
Nge7 9. O-O Bxc3 10. bxc3 O-O 11. Ba3 Bxd3 12. Qxd3 Re8 13. Rab1 Qd7 14. Qb5 b6
15. Bd6 Nc8 16. Ba3 a6 17. Qd3 h6 18. Rfc1 b5 19. Bc5 Rb8 20. Ne1 Nb6 21. Bxb6
Rxb6 22. Qc2 Rc8 23. Nd3 Nxd4 24. Qd2 Nf5 25. Nf4 Rbc6 26. Ne2 Qc7 27. h3 Qxe5
28. Re1 Qd6 29. Rbc1 e5 30. Qd3 e4 31. Qd2 Qe5 32. Nd4 Nxd4 33. cxd4 Qc7 34.
Rxc6 Qxc6 35. Qa5 Qc3 36. Qxc3 Rxc3 37. Re2 Rd3 38. Rc2 Rxd4 39. Kf1 Rc4 40.
Rd2 d4 41. Ke2 f5 42. g3 Kf7 43. g4 f4 44. Rb2 Ke6 45. Kd2 Kd5 46. Ke2 d3+ 47.
Kd2 Kd4 48. h4 e3+ 49. fxe3+ fxe3+ 50. Kd1 e2+ 51. Kd2 Rc2+ 0-1

[Event "DVM U12 2015"]
[Site "Magdeburg GER"]
[Date "2015.12.28"]
[Round "4"]
[White "Kühne, Maria"]
[Black "Gerold, Robin"]
[Result "1/2-1/2"]
[Termination "normal"]
[Board "7.2"]
[WhiteElo "1603"]
[BlackElo "1090"]
[WhiteTeam "FC Ergolding 1932"]
[BlackTeam "SF HN-Biberach 1978"]
[PlyCount "143"]
[WhiteFideId "12997412"]
[BlackFideId "16235185"]
[EventCountry "GER"]
[EventRounds "7"]
[EventType "team-swiss"]
[EventDate "2015.12.26"]

1. e4 e5 2. Bc4 Nf6 3. d3 d6 4. Nc3 Be6 5. Bb3 Be7 6. f4 Nc6 7. Nf3 Bg4 8. h3
Bxf3 9. Qxf3 Nd4 10. Qd1 Ne6 11. O-O c6 12. fxe5 dxe5 13. Be3 Bc5 14. Bxc5 Nxc5
15. Qf3 Qd4+ 16. Kh1 Nxb3 17. axb3 Qd6 18. Qg3 Nh5 19. Qg4 Qg6 20. Qxg6 hxg6
21. Kh2 Nf4 22. d4 f6 23. d5 cxd5 24. Nxd5 Nxd5 25. exd5 Ke7 26. c4 g5 27. c5
Kd7 28. b4 b6 29. cxb6 axb6 30. b5 Kd6 31. Rac1 Rhc8 32. Rc6+ Rxc6 33. bxc6
Kxd5 34. Rc1 Rc8 35. b4 Kd6 36. b5 Rc7 37. Rd1+ Ke7 38. Ra1 Kd6 39. Rd1+ Ke7
40. Kg3 g6 41. Kf3 Ra7 42. Rd2 Ra3+ 43. Ke2 Ra7 44. Kd3 Ra5 45. Kc4 e4 46. Kb4
Ra7 47. g4 f5 48. gxf5 gxf5 49. Rf2 f4 50. Rg2 Kf6 51. Kc4 f3 52. Rf2 Rh7 53.
Kd4 Rxh3 54. Kxe4 Ke6 55. Rxf3 Rh4+ 56. Ke3 Rc4 57. Rf1 Kd6 58. Kd3 Rc5 59. Rb1
Rd5+ 60. Kc4 g4 61. Rg1 Rg5 62. Rd1+ Kc7 63. Rf1 Rg7 64. Ra1 Kb8 65. Rg1 Rg5
66. Rg3 Kc7 67. Re3 Rg7 68. Rg3 Rg5 69. Kb4 Rg6 70. Kc4 Rg8 71. Kd5 Rg5+ 72.
Kc4 1/2-1/2

[Event "DVM U12 2015"]
[Site "Magdeburg GER"]
[Date "2015.12.28"]
[Round "4"]
[White "Melzig, Antonio"]
[Black "Sowka, Patrick"]
[Result "1/2-1/2"]
[Termination "normal"]
[Board "7.3"]
[WhiteElo "1215"]
[BlackElo "1418"]
[WhiteTeam "SF HN-Biberach 1978"]
[BlackTeam "FC Ergolding 1932"]
[PlyCount "117"]
[WhiteFideId "16252764"]
[BlackFideId "16234944"]
[EventCountry "GER"]
[EventRounds "7"]
[EventType "team-swiss"]
[EventDate "2015.12.26"]

1. e4 e5 2. Nf3 Nc6 3. Bc4 Bc5 4. Nc3 d6 5. d3 Be6 6. Bb3 Nge7 7. Be3 Bb6 8.
Qe2 O-O 9. O-O Bxb3 10. axb3 f5 11. exf5 Nxf5 12. Nd5 Nfd4 13. Bxd4 Nxd4 14.
Nxd4 Bxd4 15. c3 Bb6 16. Nxb6 axb6 17. Qe4 Rb8 18. d4 Re8 19. Rfe1 Qf6 20. dxe5
Rxe5 21. Qc4+ Qf7 22. Qxf7+ Kxf7 23. Rxe5 dxe5 24. Re1 Ke6 25. f4 Kf6 26. Rxe5
Rd8 27. Re2 c5 28. Kf2 b5 29. Ke1 Ra8 30. Re5 Ra1+ 31. Kd2 b6 32. Rd5 Ke7 33.
Re5+ Kd6 34. c4 bxc4 35. bxc4 Rb1 36. Kc2 Rf1 37. Rd5+ Kc7 38. Rf5 Rf2+ 39. Kc3
Rxg2 40. Rf7+ Kc6 41. f5 h5 42. h4 Rg4 43. b3 Kd6 44. f6 gxf6 45. Rxf6+ Kc7 46.
Rf7+ Kc6 47. Rf6+ Kb7 48. b4 cxb4+ 49. Kxb4 Rxh4 50. Kb5 Kc7 51. Rf7+ Kd8 52.
Kxb6 Rxc4 53. Kb5 Rg4 54. Rf1 Ke7 55. Kc5 h4 56. Kd5 h3 57. Ke5 Rg2 58. Rh1 Rc2
59. Rxh3 1/2-1/2

[Event "DVM U12 2015"]
[Site "Magdeburg GER"]
[Date "2015.12.28"]
[Round "4"]
[White "Handschuh, Felix"]
[Black "Dittmar, Elia"]
[Result "0-1"]
[Termination "normal"]
[Board "7.4"]
[WhiteElo "1148"]
[BlackElo "1018"]
[WhiteTeam "FC Ergolding 1932"]
[BlackTeam "SF HN-Biberach 1978"]
[PlyCount "138"]
[WhiteFideId "12997447"]
[BlackFideId "16269098"]
[EventCountry "GER"]
[EventRounds "7"]
[EventType "team-swiss"]
[EventDate "2015.12.26"]

1. e4 c5 2. Nf3 Nc6 3. d4 cxd4 4. Nxd4 g6 5. Nc3 Bg7 6. Be3 Nf6 7. Be2 O-O 8.
Qd2 d5 9. exd5 Nxd5 10. Nxc6 bxc6 11. Nxd5 Qxd5 12. Qxd5 cxd5 13. O-O-O e6 14.
Bc5 Re8 15. Bb5 Rd8 16. Be7 Rd7 17. Bxd7 Bxd7 18. Bc5 Rb8 19. b3 a6 20. Rhf1
Rc8 21. Bd4 e5 22. Bb2 d4 23. g3 Bf5 24. Kb1 Bxc2+ 25. Ka1 Bxd1 26. Rxd1 Rc2
27. f4 f6 28. fxe5 fxe5 29. a4 e4 30. Bxd4 Bxd4+ 31. Rxd4 e3 32. Kb1 e2 33.
Rd8+ Kg7 34. Re8 Rd2 35. Kc1 Rd1+ 36. Kc2 e1=Q 37. Rxe1 Rxe1 38. b4 Ra1 39. b5
axb5 40. axb5 Ra8 41. Kc3 Kf6 42. Kc4 Ke6 43. Kd4 Rb8 44. Kc5 Kd7 45. h4 Rc8+
46. Kd5 Rb8 47. Kc5 Kc7 48. g4 Rc8 49. b6+ Kb7+ 50. Kb5 Rc6 51. g5 Rxb6+ 52.
Kc5 Kc7 53. Kd5 Rb4 54. Ke5 Rxh4 55. Kf6 Rh5 56. Kg7 Rxg5 57. Kxh7 Kd7 58. Kh6
Rg1 59. Kg7 g5 60. Kf6 g4 61. Kf5 Re1 62. Kxg4 Rf1 63. Kg3 Ke6 64. Kg2 Rf5 65.
Kg3 Ke5 66. Kg4 Ke4 67. Kg3 Rf4 68. Kg2 Rf3 69. Kg1 Kf4 0-1

[Event "DVM U12 2015"]
[Site "Magdeburg GER"]
[Date "2015.12.28"]
[Round "4"]
[White "Leonard, Timo"]
[Black "Jakob, Georg"]
[Result "1/2-1/2"]
[Termination "normal"]
[Board "8.1"]
[WhiteElo "1880"]
[BlackElo "1459"]
[WhiteTeam "TuS Ende 1892"]
[BlackTeam "SG Königskinder Hohentübingen"]
[PlyCount "41"]
[WhiteFideId "16208757"]
[BlackFideId "16224221"]
[EventCountry "GER"]
[EventRounds "7"]
[EventType "team-swiss"]
[EventDate "2015.12.26"]

1. e4 c5 2. c3 Nf6 3. e5 Nd5 4. d4 cxd4 5. cxd4 e6 6. Nf3 d6 7. Bc4 Nc6 8. O-O
Qc7 9. Bxd5 exd5 10. Nc3 Be6 11. Nb5 Qd7 12. Nxd6+ Bxd6 13. exd6 Qxd6 14. Be3
Rc8 15. Qd2 O-O 16. Bf4 Qd7 17. Rfe1 Qd8 18. a3 Na5 19. Qd3 Qf6 20. Bg5 Qg6 21.
Qxg6 1/2-1/2

[Event "DVM U12 2015"]
[Site "Magdeburg GER"]
[Date "2015.12.28"]
[Round "4"]
[White "Wang, Xinyuan"]
[Black "Blinov, Sergei"]
[Result "1-0"]
[Termination "normal"]
[Board "8.2"]
[WhiteElo "1255"]
[BlackElo "1214"]
[WhiteTeam "SG Königskinder Hohentübingen"]
[BlackTeam "TuS Ende 1892"]
[PlyCount "87"]
[WhiteFideId "16221494"]
[EventCountry "GER"]
[EventRounds "7"]
[EventType "team-swiss"]
[EventDate "2015.12.26"]

1. d4 Nf6 2. Nf3 g6 3. c4 Bg7 4. Bg5 O-O 5. Nc3 d6 6. e4 Nbd7 7. Be2 h6 8. Be3
e5 9. O-O Ne8 10. Qd2 Kh7 11. Ne1 f5 12. f3 f4 13. Bf2 Nef6 14. Nc2 h5 15. Rfd1
Bh6 16. h3 Rg8 17. Qd3 g5 18. Nd5 g4 19. hxg4 hxg4 20. Nxf6+ Nxf6 21. dxe5 Ne8
22. exd6 g3 23. Bc5 Qh4 24. Kf1 Qh1+ 25. Bg1 cxd6 26. e5+ Kh8 27. exd6 Bf8 28.
c5 b6 29. b4 Bd7 30. Qe4 Rb8 31. Qxf4 Bh6 32. Qe5+ Bg7 33. Qxg3 Bxa1 34. Qh2+
Qxh2 35. Bxh2 Bf6 36. Rd5 Rg7 37. Bd3 Rd8 38. Ne3 Be6 39. Rh5+ Kg8 40. Ng4 Bg5
41. Be5 Bxg4 42. Bc4+ Kf8 43. Rh8+ Rg8 44. Rxg8# 1-0

[Event "DVM U12 2015"]
[Site "Magdeburg GER"]
[Date "2015.12.28"]
[Round "4"]
[White "Dehn, Lukas"]
[Black "Aptyka, Tim"]
[Result "1/2-1/2"]
[Termination "normal"]
[Board "8.3"]
[WhiteElo "1104"]
[BlackElo "1298"]
[WhiteTeam "TuS Ende 1892"]
[BlackTeam "SG Königskinder Hohentübingen"]
[PlyCount "76"]
[BlackFideId "16255860"]
[EventCountry "GER"]
[EventRounds "7"]
[EventType "team-swiss"]
[EventDate "2015.12.26"]

1. e4 c5 2. Nf3 a6 3. d4 cxd4 4. Nxd4 Nf6 5. Nc3 Qc7 6. Bd3 e6 7. O-O e5 8. Nf3
Nc6 9. Bg5 Be7 10. Bxf6 Bxf6 11. Nd5 Qd8 12. c3 d6 13. h3 O-O 14. Qd2 Be6 15.
Nxf6+ Qxf6 16. Ng5 Bd7 17. Bc4 h6 18. Nf3 Qg6 19. g4 Be6 20. Bd3 Qf6 21. Nh2
Rad8 22. Qe3 d5 23. Rad1 d4 24. cxd4 Rxd4 25. Nf3 Rd7 26. b3 Rfd8 27. Bc2 Nb4
28. Rxd7 Rxd7 29. Bb1 Qd8 30. Qe2 Nc6 31. Bc2 Nd4 32. Nxd4 Rxd4 33. Rd1 Rxd1+
34. Qxd1 Qxd1+ 35. Bxd1 Kh7 36. Kg2 Kg6 37. Kg3 f6 38. f4 exf4+ 1/2-1/2

[Event "DVM U12 2015"]
[Site "Magdeburg GER"]
[Date "2015.12.28"]
[Round "4"]
[White "Dunder, Tim"]
[Black "Rapoport, Valerie"]
[Result "1/2-1/2"]
[Termination "normal"]
[Board "8.4"]
[WhiteElo "922"]
[BlackElo "1093"]
[WhiteTeam "SG Königskinder Hohentübingen"]
[BlackTeam "TuS Ende 1892"]
[PlyCount "83"]
[BlackFideId "12952427"]
[EventCountry "GER"]
[EventRounds "7"]
[EventType "team-swiss"]
[EventDate "2015.12.26"]

1. e4 e5 2. Nf3 Nc6 3. Bb5 d6 4. d3 Bd7 5. Be3 a6 6. Ba4 Be7 7. Nbd2 Nf6 8. O-O
O-O 9. Re1 Rb8 10. Nf1 Nh5 11. N3d2 Nf6 12. Ng3 Bg4 13. Nf3 b5 14. Bb3 Na5 15.
Bd5 c6 16. Bb3 Nxb3 17. axb3 Ra8 18. h3 Bh5 19. Nxh5 Nxh5 20. Nxe5 dxe5 21.
Qxh5 Bd6 22. Qg4 Qf6 23. Qg5 Qxg5 24. Bxg5 h6 25. Be3 Rfe8 26. c4 Rab8 27. Rxa6
bxc4 28. dxc4 Rxb3 29. Rxc6 Re6 30. Rb1 Ba3 31. Rc8+ Kh7 32. Bc1 Reb6 33. Ra1
Bxb2 34. Bxb2 Rxb2 35. Ra5 Re6 36. c5 Rc2 37. Ra7 Rf6 38. Re7 Rfxf2 39. Rd7
Rxg2+ 40. Kf1 Ra2 41. Rcd8 Rh2 42. Kg1 1/2-1/2

[Event "DVM U12 2015"]
[Site "Magdeburg GER"]
[Date "2015.12.28"]
[Round "4"]
[White "Bui, Bao Anh Le"]
[Black "Schubert, Nikita"]
[Result "0-1"]
[Termination "normal"]
[Board "9.2"]
[WhiteElo "1675"]
[BlackElo "1652"]
[WhiteTeam "SV Mattnetz Berlin"]
[BlackTeam "ESV Gera"]
[PlyCount "92"]
[WhiteFideId "12970719"]
[BlackFideId "16212339"]
[EventCountry "GER"]
[EventRounds "7"]
[EventType "team-swiss"]
[EventDate "2015.12.26"]

1. e4 e5 2. Nf3 Nc6 3. Bc4 Bc5 4. c3 Nf6 5. d3 d6 6. Bb3 a6 7. Nbd2 Be6 8. Nf1
h6 9. Ng3 Qd7 10. O-O O-O 11. h3 Bb6 12. Nh4 Ne7 13. Qf3 Nh7 14. Bxe6 fxe6 15.
Qe2 Qe8 16. Kh1 Kh8 17. Be3 Bxe3 18. Qxe3 Ng6 19. Nxg6+ Qxg6 20. Ne2 Qg5 21.
Qxg5 Nxg5 22. f4 exf4 23. Nxf4 Rf6 24. h4 Nh7 25. Rf3 Raf8 26. Raf1 Kg8 27. d4
g5 28. hxg5 Nxg5 29. Nxe6 Rxf3 30. Rxf3 Nxe6 31. Kh2 Rxf3 32. gxf3 Kg7 33. Kg3
Kf6 34. f4 h5 35. Kf3 h4 36. f5 Ng5+ 37. Kf4 Nxe4 38. Kxe4 h3 39. Kf3 Kxf5 40.
d5 h2 41. Kg2 Ke4 42. Kxh2 Kxd5 43. b3 Ke4 44. Kg3 d5 45. Kf2 Kd3 46. Kf3 Kxc3
0-1